| 000 | 00000nam##2200000za#4500 |
| 001 | 9.681144 |
| 003 | CaOODSP |
| 005 | 20200330065951 |
| 007 | ta |
| 008 | 150407|2000||||xxc||||| f|0| 0 fre|d |
| 020 | |a0-660-96374-4 |
| 040 | |aCaOODSP|bfre |
| 043 | |an-cn--- |
| 086 | 1 |aSN3-329/2000F |
| 110 | 1 |aCanada.|bBibliothèque nationale du Canada. |
| 245 | 13|aLe fonds Oscar-Peterson : |brépertoire numérique / |cpar Stéphane Jean. |
| 260 | |aOttawa - Ontario : |bBibliothèque nationale du Canada |c2000. |
| 300 | |a48p. ; |c28 cm. |
| 500 | |aDonnées de catalogage avant publication (Canada) imprimées dans cette publication. N.B.: Le numéro de catalogue (SN3-329/2000F-IN) imprimé dans cette publication est incorrect. |
| 563 | |aReliure à spirale |
| 590 | |a00-31|b2000-08-04 |
| 691 | 07|aMusique|2gcpds |
| 691 | 07|aArchives|2gcpds |
| 720 | 1 |aJean, Stéphane |
| 775 | 08|tThe Oscar Peterson fonds : |w(CaOODSP)9.647763 |
| 776 | 0#|tLe fonds Oscar-Peterson : |w(CaOODSP)9.640072 |